000 00690nam a2200205Ii 4500
003 JO-AjNU
008 230605s9999||||xx |||||||||||||| ||und||
040 _aJO-AjNU
_bara
_erda
_cJO-AjNU
041 _aara
050 1 4 _aLB1060.J362 2005
100 3 _aجمل،محمد جهاد ,
_eauthor
_923280
245 0 0 _aالعمليات الذهنية ومهارات التفكير
250 _aط2
264 3 1 _aالعين:دار الكتاب الجامعي،2005
300 _a294ص
336 _atext
_btxt
_2rdacontent
337 _aunmediated
_bn
_2rdamedia
338 _avolume
_bnc
_2rdacarrier
650 4 _a التعليم-نظريات. التفكير-تفكير ابداعي
_923281
999 _aA8396
_c11964
_d11964